| 000 | 00988cam a22002653a 4500 | ||
|---|---|---|---|
| 001 | 12336 | ||
| 003 | PGUSA | ||
| 005 | 20140828083248.0 | ||
| 008 | 040501s2004||||xxu|||||s|||||000 1 eng d | ||
| 040 |
_aPGUSA _beng |
||
| 042 | _adc | ||
| 050 | 4 | _aPZ | |
| 100 | 1 |
_aLondon, Jack, _d1876-1916 |
|
| 245 | 1 | 0 |
_aBrown Wolf and Other Jack London Stories : _bChosen and Edited By Franklin K. Mathiews _h[electronic resource] / _cJack London |
| 260 |
_bProject Gutenberg, _c2004 |
||
| 505 | 0 | _aBrown wolf -- That spot -- Trust -- All gold canyon -- The story of Keesh -- Nam-bok the unveracious -- Yellow handkerchief -- Make westing -- The heathen -- The hobo and the fairy -- "Just meat" -- A nose for the king. | |
| 506 | _aPublic domain in the USA. | ||
| 516 | _aElectronic text | ||
| 653 | _aWolves -- Fiction | ||
| 653 | _aShort stories | ||
| 700 | 1 | _aMathiews, Franklin K. | |
| 830 | 0 |
_aProject Gutenberg _v12336 |
|
| 856 | 4 | 0 | _uhttp://www.gutenberg.org/ebooks/12336 |
| 942 | _cEB | ||
| 999 |
_c241591 _d241591 |
||